| 000 | 01037nam0a22002651 4500 | ||
|---|---|---|---|
| 001 | v19\rc\1414547 | ||
| 005 | 20260405185843.0 | ||
| 035 | _a(NLR Aleph) 005223517 | ||
| 090 |
_a5530109 _c5530109 |
||
| 100 | _a20060512d1888 |||y0rusy50 ca | ||
| 101 | 0 | _arus | |
| 102 | _aRU | ||
| 105 | _ay z |||a| | ||
| 200 | 1 |
_aПобедителей не судят _eКомедия в 1 акте _e(Сюжет заимствован с фр.) _f[Соч.] Н. Самойлова |
|
| 210 |
_aМосква _cлит. Моск. театр. б-ки Е.Н. Рассохиной _dценз. 1888 |
||
| 215 |
_a28 с. _d22 |
||
| 309 | _aНаписано от руки. Литогр. | ||
| 700 | 1 |
_8rus _7ca _aСамойлов _bН. В. _cдраматург _f-1897 _gНиколай Васильевич _3RU\NLR\AUTH\7782105 _965033 |
|
| 801 | 0 |
_aRU _bNLR _c20060512 _gpsbo |
|
| 801 | 0 |
_aRU _bRuMoRGB _c20060512 _2psbo |
|
| 801 | 1 |
_aRU _bProSoft-M _c20060512 _2rusmarc |
|
| 801 | 2 |
_aRU _bNLR _c20091130 _2rusmarc |
|
| 852 |
_aNLR _j18.276.1.168 |
||
| 942 | _cBOOK | ||
| 980 | _aNB | ||